000
00486nam a2200169Ia 4500
008
100122s9999 xx 000 0 und d
082
_b
76373
_a
821
100
_a
पवन करण
245
_a
स्त्री माझ्या आत
250
_a
1
260
_c
2009
300
_a
99
630
_a
स्त्री माझ्या आत
700
_a
जेऊरकर बलवंत
730
_a
स्त्री माझ्या आत
942
_c
BOOK
999
_c
392905
_d
392902